[Event "12. Sueder Sommerpokal"]
[Site "Recklinghausen"]
[Date "2001.08.07"]
[Round "4"]
[White "Rotstein, Arkadij"]
[Black "Gawehns, Klaus"]
[Result "1-0"]
[WhiteElo "2499"]
[BlackElo "2375"]
[PlyCount "117"]
[EventDate "2001.??.??"]

1. d4 b6 2. e4 Bb7 3. Nc3 e6 4. Nf3 Bb4 5. Bd3 Nf6 6. Qe2 d5 7. exd5 Nxd5 8.
Bd2 Nd7 9. O-O Nxc3 10. bxc3 Be7 11. c4 O-O 12. Rad1 Bf6 13. Bf4 c5 14. c3 cxd4
15. cxd4 Rc8 16. Rfe1 Re8 17. Ne5 Qe7 18. Qg4 Bxe5 19. dxe5 f5 20. exf6 Nxf6
21. Qh4 Qf7 22. Be5 Rc5 23. h3 Nh5 24. Re3 g6 25. Be2 Ng7 26. g4 Ra5 27. a3 Rf8
28. f4 Ne8 29. Rf1 Qd7 30. Rd1 Qc6 31. Bf3 Qa4 32. Be2 Qc6 33. Bf3 Qa4 34. Qe7
Rf7 35. Qb4 Bxf3 36. Qxa4 Rxa4 37. Rxf3 Rxc4 38. Rd8 Rf8 39. Rfd3 g5 40. fxg5
Rc5 41. Bc3 a5 42. Bd2 Nc7 43. Rxf8+ Kxf8 44. Rd7 Nd5 45. Rxh7 Rc2 46. Be1 Nf4
47. Bf2 b5 48. Be3 e5 49. Bxf4 exf4 50. Rb7 Rc3 51. Rxb5 Rxa3 52. h4 Rg3+ 53.
Kf2 Rxg4 54. h5 a4 55. h6 Kf7 56. Kf3 Rh4 57. Rb6 Ke7 58. h7 Kf7 59. Rh6 1-0

[Event "12. Süder Sommerpokal"]
[Site "Recklinghausen"]
[Date "2001.08.07"]
[Round "4"]
[White "Hillarp Persson, Tiger"]
[Black "Schebler, Gerhard"]
[Result "0-1"]
[WhiteElo "2438"]
[BlackElo "2485"]
[PlyCount "78"]
[EventDate "2001.??.??"]

1. d4 e6 2. c4 Bb4+ 3. Nc3 b6 4. e3 Bxc3+ 5. bxc3 Bb7 6. a4 d6 7. Nh3 Nd7 8. f3
Ne7 9. e4 Nc6 10. Bg5 f6 11. Be3 Na5 12. Nf4 Qe7 13. Bd3 O-O-O 14. Kf2 Qf7 15.
d5 e5 16. Ne6 Rde8 17. Rb1 c5 18. g3 Nf8 19. Nxf8 Rhxf8 20. h4 Ba6 21. Rb5 g6
22. g4 h5 23. g5 Bxb5 24. axb5 f5 25. exf5 gxf5 26. Kg2 Kc7 27. f4 Qg7 28. Qc2
Kb7 29. Rf1 Kb8 30. fxe5 dxe5 31. Ra1 f4 32. Bxc5 bxc5 33. Rxa5 f3+ 34. Kf1 Qd7
35. Qh2 Qg4 36. Kf2 Rf4 37. Ra1 e4 38. Rg1 e3+ 39. Kf1 Qxh4 0-1

[Event "12. Sueder Sommerpokal"]
[Site "Recklinghausen"]
[Date "2001.08.07"]
[Round "4"]
[White "Podzielny, Karl-Heinz"]
[Black "Koscielski, Janusch"]
[Result "1-0"]
[WhiteElo "2477"]
[BlackElo "2335"]
[PlyCount "81"]
[EventDate "2001.??.??"]

1. b3 Nf6 2. Bb2 g6 3. Nf3 Bg7 4. g3 O-O 5. Bg2 d6 6. d4 e5 7. dxe5 Nfd7 8. O-O
dxe5 9. Qc1 Re8 10. Nfd2 Nc6 11. Nc3 Nc5 12. Rd1 Bd7 13. Nc4 Qc8 14. Ba3 Ne6
15. Nd5 Ned4 16. Qd2 Bg4 17. Re1 Be6 18. e4 Qd7 19. c3 Nb5 20. Bc5 b6 21. Be3
f6 22. a4 Nd6 23. Nxc7 Qxc7 24. Qxd6 Qxd6 25. Nxd6 Red8 26. Nc4 Bxc4 27. bxc4
Na5 28. Bf1 Bf8 29. c5 Bxc5 30. Bxc5 bxc5 31. Reb1 Rab8 32. Rb5 Nc6 33. Rxc5
Rdc8 34. Rd1 Ne7 35. Rxc8+ Rxc8 36. Rd7 Kf8 37. Rxa7 Rxc3 38. a5 h5 39. Rb7 Ra3
40. a6 Nc6 41. Rc7 1-0

[Event "12. Sueder Sommerpokal"]
[Site "Recklinghausen"]
[Date "2001.08.07"]
[Round "4"]
[White "Rotstein, Jefim"]
[Black "Feygin, Michail"]
[Result "0-1"]
[WhiteElo "2364"]
[BlackElo "2461"]
[PlyCount "118"]
[EventDate "2001.??.??"]

1. e4 e6 2. d3 d5 3. Nd2 Nf6 4. Ngf3 Nc6 5. Be2 a5 6. O-O Bc5 7. c3 O-O 8. e5
Nd7 9. d4 Be7 10. Re1 b6 11. Nf1 Ba6 12. Bxa6 Rxa6 13. Qe2 Ncb8 14. c4 c6 15.
a4 Ra7 16. Bd2 Na6 17. Rac1 Nb4 18. cxd5 cxd5 19. Ne3 Rc7 20. Rxc7 Qxc7 21. Rc1
Qb7 22. Bxb4 Bxb4 23. Qc2 Rb8 24. Ng5 Nf8 25. Qc7 Be7 26. Nf3 Qxc7 27. Rxc7 Bd8
28. Rc3 b5 29. Rb3 b4 30. Rd3 Nd7 31. Kf1 b3 32. Nd2 Rb4 33. Rxb3 Rxd4 34. Nf3
Rxa4 35. Rb7 Nf8 36. Nc2 Rc4 37. Ncd4 g5 38. h3 h5 39. b3 Rc7 40. Rb8 Be7 41.
Nb5 Rc1+ 42. Ke2 g4 43. hxg4 hxg4 44. Nh2 Rc2+ 45. Kf1 g3 46. fxg3 Rb2 47. Nc3
Bb4 48. Ne2 Rxb3 49. Nd4 Rb1+ 50. Ke2 Rb2+ 51. Kf3 Bc3 52. Rxb2 Bxb2 53. Nc6 a4
54. Ng4 Bc3 55. Nf6+ Kh8 56. Nd8 a3 57. Nxf7+ Kg7 58. Ng5 a2 59. Nh5+ Kg6 0-1

[Event "12. Sueder Sommerpokal"]
[Site "Recklinghausen"]
[Date "2001.08.07"]
[Round "4"]
[White "Bischoff, Klaus"]
[Black "Zaragatski, Ilja"]
[Result "1-0"]
[WhiteElo "2541"]
[BlackElo "2248"]
[PlyCount "69"]
[EventDate "2001.??.??"]

1. Nf3 d5 2. c4 d4 3. g3 Nc6 4. Bg2 e5 5. O-O Nf6 6. d3 Bc5 7. b4 Bxb4 8. Nxe5
Nxe5 9. Qa4+ Nfd7 10. Qxb4 c5 11. Qa3 O-O 12. Nd2 Qc7 13. Rb1 a6 14. Ne4 Rb8
15. f4 Ng4 16. h3 Ngf6 17. Nxf6+ Nxf6 18. f5 Qe7 19. Bf4 Ra8 20. g4 h6 21. e3
dxe3 22. Rfe1 e2 23. Rb2 Re8 24. Bf3 Qf8 25. Rbxe2 Rxe2 26. Rxe2 Bd7 27. Bxb7
Re8 28. Rxe8 Qxe8 29. Kf2 Bc6 30. Qxa6 Bxb7 31. Qxb7 Qa4 32. Qb2 Qd1 33. Qe2
Qh1 34. Qf1 Qa8 35. Qb1 1-0

[Event "12. Sueder Sommerpokal"]
[Site "Recklinghausen"]
[Date "2001.08.07"]
[Round "4"]
[White "Genkin, Michael"]
[Black "Gofshtein, Leonid"]
[Result "0-1"]
[WhiteElo "2266"]
[BlackElo "2518"]
[PlyCount "76"]
[EventDate "2001.??.??"]

1. e4 d6 2. d4 Nf6 3. Nc3 g6 4. f3 c6 5. Be3 b5 6. Qd2 Nbd7 7. Nge2 Qc7 8. g4
Nb6 9. b3 h5 10. g5 Nfd7 11. a4 b4 12. a5 bxc3 13. Nxc3 Bg7 14. axb6 Nxb6 15.
Na4 O-O 16. Nxb6 Qxb6 17. Bg2 c5 18. Rd1 Ba6 19. Bf1 Rac8 20. dxc5 dxc5 21.
Bxa6 Qxa6 22. Qe2 Qa5+ 23. Kf2 Bd4 24. Qc4 Bxe3+ 25. Kxe3 Rfd8 26. h4 Rd4 27.
Qe2 e5 28. Qe1 Qb6 29. Ke2 c4 30. Rxd4 exd4 31. bxc4 Rxc4 32. Qd2 Qc5 33. Kd1
Rc3 34. f4 Qc4 35. Re1 d3 36. Re3 dxc2+ 37. Kc1 Rxe3 38. Qxe3 Qa2 0-1

[Event "12. Sueder Sommerpokal"]
[Site "Recklinghausen"]
[Date "2001.08.07"]
[Round "4"]
[White "Bakhmatov, Eduard"]
[Black "Saltaev, Mihail"]
[Result "1-0"]
[WhiteElo "2276"]
[BlackElo "2510"]
[PlyCount "81"]
[EventDate "2001.??.??"]

1. e4 c6 2. d4 d5 3. exd5 cxd5 4. c4 Nf6 5. Nc3 Nc6 6. Bg5 Qa5 7. Qd2 Be6 8. c5
Nd7 9. Bb5 f6 10. Be3 Bf7 11. Nge2 e6 12. O-O Be7 13. a3 Qd8 14. Bd3 e5 15. b4
O-O 16. Bc2 b6 17. dxe5 Ndxe5 18. cxb6 axb6 19. Rfd1 Nc4 20. Qc1 Ra7 21. Be4
Rd7 22. Bf5 Nxe3 23. Qxe3 Rd6 24. Nb5 g6 25. Nxd6 Qxd6 26. Bc2 Bd8 27. Qf4 Qe7
28. Nd4 Ne5 29. Bb3 Qd7 30. Nf3 Re8 31. a4 Qd6 32. Nxe5 Rxe5 33. Qd2 Bc7 34. g3
Qe6 35. Re1 Kg7 36. Rxe5 Bxe5 37. Rd1 Qg4 38. a5 bxa5 39. bxa5 Bc7 40. a6 Bb6
41. Bxd5 1-0

[Event "12. Sueder Sommerpokal"]
[Site "Recklinghausen"]
[Date "2001.08.07"]
[Round "4"]
[White "Mainka, Romuald"]
[Black "Woller, Rainer"]
[Result "1-0"]
[WhiteElo "2459"]
[BlackElo "2234"]
[PlyCount "59"]
[EventDate "2001.??.??"]

1. g3 c5 2. Bg2 Nc6 3. d3 g6 4. f4 Bg7 5. Nf3 d5 6. O-O Nf6 7. Qe1 d4 8. Na3
O-O 9. Bd2 Nd5 10. c3 h6 11. Nc2 Be6 12. c4 Nc7 13. b4 cxb4 14. Nxb4 Bd7 15.
Qf2 Kh7 16. Rab1 Rb8 17. Nc2 Be6 18. Nh4 f5 19. Bxc6 bxc6 20. Rxb8 Qxb8 21.
Nxd4 Bd7 22. Nb3 Ne6 23. Nf3 Qb7 24. Be3 Qa6 25. Nc5 Nxc5 26. Bxc5 Qxa2 27. Bd4
c5 28. Bxg7 Kxg7 29. Qxc5 Bc8 30. Kf2 1-0

[Event "12. Sueder Sommerpokal"]
[Site "Recklinghausen"]
[Date "2001.08.07"]
[Round "4"]
[White "Hilmer, Frank"]
[Black "Kalka, Arkadius Georg"]
[Result "0-1"]
[WhiteElo "2216"]
[BlackElo "2386"]
[PlyCount "66"]
[EventDate "2001.??.??"]

1. d4 d5 2. c4 c6 3. Nf3 Nf6 4. Nc3 dxc4 5. a4 Bf5 6. e3 e6 7. Bxc4 Bb4 8. O-O
O-O 9. Nh4 Nbd7 10. Nxf5 exf5 11. Qc2 g6 12. Bd2 Nb6 13. Bb3 a5 14. Rad1 Re8
15. f3 Nbd5 16. Nxd5 Nxd5 17. Bxd5 cxd5 18. Qd3 Qd7 19. b3 Qe7 20. Kf2 Rac8 21.
Bxb4 axb4 22. Rc1 Rc7 23. Rc5 Rxc5 24. dxc5 Qxc5 25. g3 h5 26. Rd1 h4 27. Rd2
h3 28. Rc2 Rxe3 29. Rxc5 Rxd3 30. Ke2 Rxb3 31. Rxd5 Ra3 32. a5 Ra2+ 33. Kf1 b3
0-1

[Event "12. Sueder Sommerpokal"]
[Site "Recklinghausen"]
[Date "2001.08.07"]
[Round "4"]
[White "Halasz, Tamas"]
[Black "Ciornei, Dragos"]
[Result "1-0"]
[WhiteElo "2382"]
[BlackElo "2168"]
[PlyCount "107"]
[EventDate "2001.??.??"]

1. d4 Nf6 2. Nf3 g6 3. c4 Bg7 4. Nc3 O-O 5. e4 d6 6. Be2 Nbd7 7. O-O e5 8. Be3
exd4 9. Bxd4 Re8 10. Qc2 c6 11. Rad1 Qe7 12. Rfe1 Ne5 13. h3 Bh6 14. b4 Nh5 15.
c5 Nxf3+ 16. Bxf3 dxc5 17. Bxc5 Qg5 18. Be3 Nf4 19. g3 Qf6 20. Bxf4 Bxf4 21.
gxf4 Bxh3 22. Ne2 Qh4 23. Qc3 Re7 24. Qe3 h5 25. Bh1 Bg4 26. Qg3 Qf6 27. Rd2
Rae8 28. f3 Be6 29. Qg5 Qg7 30. e5 Bc4 31. Red1 Bxe2 32. Rxe2 Kh7 33. Bg2 Qh6
34. Rde1 Rd7 35. Bh3 Rd4 36. Re4 Qxg5+ 37. fxg5 Rd2 38. R1e2 Rxe2 39. Rxe2 Kg7
40. Kf2 Rd8 41. Ke3 Rd5 42. f4 Rb5 43. a3 a5 44. Rb2 axb4 45. Rxb4 Ra5 46. a4
Kf8 47. Bc8 b5 48. axb5 cxb5 49. Bd7 Ke7 50. Bxb5 Ke6 51. Bc4+ Kf5 52. Kf3 Ra3+
53. Bb3 h4 54. Rb6 1-0

[Event "12. Sueder Sommerpokal"]
[Site "Recklinghausen"]
[Date "2001.08.07"]
[Round "4"]
[White "Spiess, Timo"]
[Black "Kummerow, Heiko"]
[Result "1/2-1/2"]
[WhiteElo "2181"]
[BlackElo "2297"]
[PlyCount "82"]
[EventDate "2001.??.??"]

1. e4 e6 2. d3 d5 3. Nd2 Nf6 4. Ngf3 b6 5. g3 dxe4 6. dxe4 Bc5 7. Bb5+ c6 8.
Bd3 e5 9. Nb3 Bd6 10. Qe2 O-O 11. h3 Re8 12. Kf1 Nbd7 13. Kg2 Nf8 14. Be3 Ne6
15. c3 Qc7 16. Ng5 Nf8 17. Nf3 Bb7 18. Bg5 Be7 19. Bxf6 Bxf6 20. Ba6 Bxa6 21.
Qxa6 Ne6 22. Qe2 Be7 23. Rhd1 Red8 24. Rxd8+ Rxd8 25. Rd1 Rxd1 26. Qxd1 b5 27.
Qc2 Qd6 28. Qd2 Qxd2 29. Nbxd2 f6 30. b4 c5 31. a3 Bd8 32. Nb3 cxb4 33. axb4
Kf7 34. Kf1 Ke7 35. Ke2 Kd6 36. Nfd2 Bb6 37. h4 g5 38. Nf3 g4 39. Nfd2 h5 40.
Nf1 Kc6 41. Ne3 Bxe3 1/2-1/2

[Event "12. Sueder Sommerpokal"]
[Site "Recklinghausen"]
[Date "2001.08.07"]
[Round "4"]
[White "Berelovich, Aleksandar"]
[Black "Grosse-Frintrop, Gerd"]
[Result "1-0"]
[WhiteElo "2513"]
[BlackElo "2084"]
[PlyCount "77"]
[EventDate "2001.??.??"]

1. e4 d5 2. exd5 Qxd5 3. Nc3 Qa5 4. Nf3 c6 5. Bc4 Bf5 6. d4 e6 7. Bd2 Nf6 8.
Nd5 Qd8 9. Nxf6+ gxf6 10. Bb3 Rg8 11. Qe2 Na6 12. Nh4 Bg6 13. d5 Nc7 14. dxe6
fxe6 15. Bxe6 Rg7 16. Nf5 Bxf5 17. Bxf5+ Re7 18. Be3 Qd5 19. Qh5+ Qf7 20. Qxf7+
Kxf7 21. O-O-O Nd5 22. Bd4 Bh6+ 23. Kb1 Kg7 24. g3 Rae8 25. c4 Nb6 26. b3 Re2
27. Bg4 Rd2 28. f4 Rxd1+ 29. Rxd1 Kg6 30. a4 f5 31. Bxb6 fxg4 32. Rd6+ Kf5 33.
Rxh6 axb6 34. Rxh7 Re2 35. Rf7+ Kg6 36. Rxb7 Kf5 37. Rh7 Rf2 38. Re7 Rxh2 39.
c5 1-0

[Event "12. Süder Sommerpokal"]
[Site "Recklinghausen"]
[Date "2001.08.07"]
[Round "4"]
[White "Kern, Guido"]
[Black "Czarnik, Josef"]
[Result "1-0"]
[WhiteElo "2334"]
[BlackElo "2068"]
[PlyCount "71"]
[EventDate "2001.??.??"]

1. c4 e5 2. Nc3 Nc6 3. g3 f5 4. Bg2 Nf6 5. a3 a5 6. e3 g6 7. Nge2 Bg7 8. d4 d6
9. b3 O-O 10. O-O Ne7 11. Bb2 c6 12. dxe5 dxe5 13. Qxd8 Rxd8 14. Rfd1 Rxd1+ 15.
Rxd1 Nd7 16. Na4 Rb8 17. c5 b5 18. cxb6 Nxb6 19. Nc5 Kf7 20. e4 Be6 21. Bc3
fxe4 22. Bxa5 Bg4 23. Re1 Nbd5 24. Bd2 e3 25. fxe3 Bh6 26. Nc3 Rd8 27. h3 Bc8
28. Re2 Nf5 29. Kf2 Bf8 30. N3e4 Nf6 31. b4 Nxe4+ 32. Nxe4 Ba6 33. Re1 c5 34.
Bc3 cxb4 35. axb4 Bb7 36. Ng5+ 1-0

[Event "12. Sueder Sommerpokal"]
[Site "Recklinghausen"]
[Date "2001.08.07"]
[Round "4"]
[White "Haenisch, Jens"]
[Black "Wilde, Pierre"]
[Result "0-1"]
[WhiteElo "2057"]
[BlackElo "2272"]
[PlyCount "90"]
[EventDate "2001.??.??"]

1. d4 e6 2. Nf3 c5 3. e4 cxd4 4. Nxd4 Nc6 5. Nc3 Qc7 6. Be2 a6 7. O-O Nf6 8.
Kh1 Bb4 9. Bg5 Qd6 10. Bxf6 gxf6 11. Nb3 Qxd1 12. Nxd1 Ke7 13. c3 Bd6 14. a4 b6
15. Ne3 Rb8 16. Rad1 Bf4 17. Nc2 Bb7 18. f3 h5 19. g3 Bc7 20. Ne3 h4 21. g4 Ne5
22. Rd2 Ng6 23. Rfd1 Rhd8 24. Nd4 Bf4 25. Ndc2 Ne5 26. Rd4 h3 27. Nc4 Bc6 28.
b3 a5 29. Nxe5 fxe5 30. R4d3 f5 31. gxf5 exf5 32. Ne3 fxe4 33. Nd5+ Bxd5 34.
Rxd5 exf3 35. Bxf3 d6 36. Bg4 Rg8 37. Bxh3 Rh8 38. R5d3 Rh4 39. Kg2 e4 40. Re1
Rg8+ 41. Kf1 Be5 42. Rde3 d5 43. Bg2 Rxh2 44. R1e2 Bf4 45. Rh3 Rgxg2 0-1

[Event "12. Sueder Sommerpokal"]
[Site "Recklinghausen"]
[Date "2001.08.07"]
[Round "4"]
[White "Hoefker, Mathias"]
[Black "Kotlar, Alfred"]
[Result "0-1"]
[WhiteElo "2241"]
[BlackElo "2057"]
[PlyCount "56"]
[EventDate "2001.??.??"]

1. d4 d5 2. c4 c6 3. Nf3 Bf5 4. cxd5 Bxb1 5. Rxb1 Qxd5 6. a3 e6 7. e3 Nf6 8.
Bd3 Nbd7 9. O-O e5 10. e4 Qa5 11. b4 Qc7 12. Nxe5 Nxe5 13. dxe5 Qxe5 14. Bb2
Qe6 15. f4 Rd8 16. Qc2 Be7 17. Bc4 Qxe4 18. Qb3 Rd2 19. Bxf7+ Kf8 20. Qh3 Kxf7
21. Rbe1 Qd5 22. Re5 Qd7 23. Qb3+ Rd5 24. Rfe1 Bd8 25. f5 Rf8 26. Rd1 Kg8 27.
g4 Kh8 28. Rexd5 Nxd5 0-1

[Event "12. Sueder Sommerpokal"]
[Site "Recklinghausen"]
[Date "2001.08.07"]
[Round "4"]
[White "Bischof, Rainer"]
[Black "Eismont, Igor"]
[Result "0-1"]
[WhiteElo "2081"]
[BlackElo "2238"]
[PlyCount "122"]
[EventDate "2001.??.??"]

1. d4 d6 2. Nf3 g6 3. e3 Bg7 4. Be2 a6 5. c4 e6 6. O-O Ne7 7. Nc3 Nd7 8. b3 b6
9. Bb2 Bb7 10. Qc2 h6 11. Rac1 g5 12. Nd2 Ng6 13. d5 e5 14. Bh5 Ne7 15. Nde4
O-O 16. Ng3 f5 17. e4 Nf6 18. exf5 Nxh5 19. Nxh5 Nxf5 20. Ne2 Qe8 21. Neg3 Nh4
22. Nxg7 Kxg7 23. Qe2 Qg6 24. Qe4 Qf7 25. f3 Kg8 26. Rc2 Rae8 27. Bc1 Re7 28.
Rcf2 Bc8 29. b4 Bd7 30. Bd2 Qe8 31. Bc1 Rg7 32. Bd2 Qf7 33. Bc1 Be8 34. Bd2 Qe7
35. Qg4 Bg6 36. Qe6+ Qxe6 37. dxe6 Re7 38. Rc1 Rxe6 39. Be3 Rf7 40. Rd2 Kg7 41.
c5 dxc5 42. bxc5 b5 43. Rd8 Nf5 44. Nxf5+ Bxf5 45. Rcd1 g4 46. R8d7 gxf3 47.
Rxf7+ Kxf7 48. Rf1 e4 49. gxf3 Rg6+ 50. Kf2 Bh3 51. Rg1 Rxg1 52. Kxg1 exf3 53.
a3 Ke6 54. Kf2 Bg4 55. Bxh6 Kd5 56. Be3 c6 57. Kg3 Ke4 58. Bf2 Bh5 59. h4 Kd3
60. Be1 Ke2 61. Bf2 a5 0-1

[Event "12. Sueder Sommerpokal"]
[Site "Recklinghausen"]
[Date "2001.08.07"]
[Round "4"]
[White "Kartsev, Soel"]
[Black "Siepmann, Martin"]
[Result "1-0"]
[WhiteElo "2236"]
[BlackElo "2048"]
[PlyCount "106"]
[EventDate "2001.??.??"]

1. d4 e6 2. c4 d5 3. Nc3 Be7 4. Nf3 Nf6 5. Bg5 O-O 6. cxd5 exd5 7. e3 h6 8. Bh4
b6 9. Qc2 Be6 10. Bd3 c5 11. O-O Nc6 12. a3 Qd7 13. Bb5 Qb7 14. Qe2 a6 15. Bd3
Rfe8 16. Rac1 Bg4 17. dxc5 bxc5 18. h3 Bxf3 19. Qxf3 Ne5 20. Qf5 Nxd3 21. Qxd3
Qxb2 22. Bxf6 Bxf6 23. Nxd5 Rab8 24. Rxc5 Be5 25. Qxa6 Ra8 26. Qc4 Rxa3 27. Rc8
Ra8 28. Rxe8+ Rxe8 29. f4 Bf6 30. Rf2 Qa1+ 31. Rf1 Qb2 32. Rf2 Qa1+ 33. Kh2 Bh4
34. g3 Qe1 35. Qe2 Qa5 36. Qc4 Qe1 37. Kg2 Bf6 38. Nxf6+ gxf6 39. Re2 Qd1 40.
e4 Rd8 41. Qc2 Qd4 42. Qb2 Qd1 43. Qc2 Qd4 44. h4 h5 45. Qb2 Qd1 46. Qc2 Qd4
47. Kh2 Kg7 48. Kg2 Kg8 49. Kh2 Kg7 50. Qb2 Qd1 51. e5 Rb8 52. exf6+ Kh7 53.
Qe5 Kg6 1-0

[Event "12. Süder Sommerpokal"]
[Site "Recklinghausen"]
[Date "2001.08.07"]
[Round "4"]
[White "Dresen, Ulrich"]
[Black "van Winsen, Joost"]
[Result "1-0"]
[WhiteElo "2233"]
[BlackElo "1800"]
[PlyCount "81"]
[EventDate "2001.??.??"]

1. d4 c5 2. e3 cxd4 3. exd4 d5 4. c3 Nc6 5. Nf3 Nf6 6. Bf4 Bf5 7. Nbd2 h6 8.
Qb3 Qc8 9. Be2 e6 10. O-O Be7 11. a4 O-O 12. a5 a6 13. Qa4 g5 14. Be5 Nxe5 15.
Nxe5 Bd6 16. Rfe1 Qc7 17. Bf3 g4 18. Bd1 h5 19. Bc2 Rae8 20. Re3 Kg7 21. Rc1
Rh8 22. Bb1 h4 23. Rce1 Reg8 24. Bxf5 exf5 25. f3 f4 26. R3e2 h3 27. Nxg4 Nxg4
28. fxg4 Rh4 29. g5 hxg2 30. Rxg2 Rh3 31. Qd1 Qxa5 32. Qg4 Re3 33. Rf1 Rge8 34.
Nf3 R8e6 35. Qf5 Re2 36. Rxe2 Rxe2 37. Qf6+ Kg8 38. Qxd6 Qa2 39. Qxf4 Qxb2 40.
Ne5 Rg2+ 41. Kh1 1-0

[Event "12. Süder Sommerpokal"]
[Site "Recklinghausen"]
[Date "2001.08.07"]
[Round "4"]
[White "Stoven, Gilles-Noel"]
[Black "Frohne, Gerd"]
[Result "1-0"]
[WhiteElo "2051"]
[BlackElo "2233"]
[PlyCount "45"]
[EventDate "2001.??.??"]

1. e4 e6 2. d4 d5 3. e5 c5 4. c3 Qb6 5. Nf3 Nc6 6. Bd3 Bd7 7. O-O cxd4 8. cxd4
Nxd4 9. Nxd4 Qxd4 10. Nc3 a6 11. Qe2 Ne7 12. Kh1 Nc6 13. f4 Bc5 14. Rd1 Qf2 15.
Qh5 Nb4 16. Bb1 Nc2 17. Bxc2 Qxc2 18. f5 g6 19. Qh4 Qxf5 20. Bg5 Bf2 21. Qh6 d4
22. Qg7 Rf8 23. Ne4 1-0

[Event "12. Sueder Sommerpokal"]
[Site "Recklinghausen"]
[Date "2001.08.07"]
[Round "4"]
[White "Michalczak, Thomas"]
[Black "Fahnenschmidt, Willi"]
[Result "0-1"]
[WhiteElo "2232"]
[BlackElo "2130"]
[PlyCount "80"]
[EventDate "2001.??.??"]

1. d4 Nf6 2. c4 d6 3. Nc3 Nbd7 4. Nf3 e5 5. Bg5 Be7 6. Qc2 c6 7. e3 h6 8. Bh4
Nh5 9. Bg3 Nxg3 10. hxg3 Qc7 11. g4 exd4 12. exd4 Nb6 13. g5 Bg4 14. gxh6 gxh6
15. Qe4 h5 16. Qf4 O-O-O 17. Bd3 d5 18. Qxc7+ Kxc7 19. c5 Nd7 20. Nh4 Rde8 21.
Kd2 Bf6 22. f3 Be6 23. Ne2 Nf8 24. Rh2 Bd7 25. Rah1 Ne6 26. Nf5 Rhg8 27. Nd6
Re7 28. Nf5 Ree8 29. f4 h4 30. Nd6 Ref8 31. Ke3 Rg3+ 32. Nxg3 Bxd4+ 33. Kf3
hxg3 34. Rh7 Nxc5 35. Nf5 Bxb2 36. Bc2 d4 37. Nxg3 Be6 38. Ne4 Bd5 39. Re1 d3
40. Bxd3 Nxd3 0-1

[Event "12. Süder Sommerpokal"]
[Site "Recklinghausen"]
[Date "2001.08.07"]
[Round "4"]
[White "Wicht, Jürgen"]
[Black "Zeier, Robert"]
[Result "1/2-1/2"]
[WhiteElo "2197"]
[BlackElo "2034"]
[PlyCount "59"]
[EventDate "2001.??.??"]

1. d4 Nf6 2. c4 g6 3. Nc3 Bg7 4. e4 d6 5. f4 O-O 6. Nf3 c5 7. d5 b5 8. cxb5 a6
9. a4 Qa5 10. Nd2 axb5 11. Bxb5 Ba6 12. O-O Ne8 13. Nc4 Qd8 14. Be3 Nd7 15. Re1
Nb6 16. Na5 Bxb5 17. axb5 Rxa5 18. Rxa5 Nxd5 19. Ra4 Bxc3 20. bxc3 Nxc3 21. Qb3
Nxa4 22. Qxa4 Qb6 23. f5 Nc7 24. Rb1 Ra8 25. Qc4 Ra5 26. fxg6 hxg6 27. Rf1 Ne6
28. Rb1 Nc7 29. Rf1 Ne6 30. Rb1 1/2-1/2

[Event "12. Süder Sommerpokal"]
[Site "Recklinghausen"]
[Date "2001.08.07"]
[Round "4"]
[White "Niebius, Norbert"]
[Black "Bramkamp, Rainer"]
[Result "0-1"]
[WhiteElo "2028"]
[BlackElo "2191"]
[PlyCount "74"]
[EventDate "2001.??.??"]

1. e4 c6 2. d4 d5 3. Nc3 dxe4 4. Nxe4 Bf5 5. Ng3 Bg6 6. Bc4 e6 7. Bf4 Bd6 8.
N1e2 Nf6 9. Qd2 h6 10. O-O-O Qc7 11. Rhe1 Nbd7 12. Bxd6 Qxd6 13. Nf4 Nf8 14. d5
cxd5 15. Nxd5 Nxd5 16. Bxd5 Qc7 17. Bb3 a6 18. Qb4 Nd7 19. Rd4 Nc5 20. Rc4 Rc8
21. Ba4+ Ke7 22. Re3 Rhd8 23. Bb3 {Remiseangebot Weiss} 23... b5 24. Rce4 Qd6
25. Qe1 Bxe4 26. Nxe4 Nxe4 27. Rxe4 Rc5 28. f4 Kf8 29. g4 Rc7 30. c3 Rcd7 31.
Qg1 Qc6 32. Re2 Qf3 33. Qf2 Qxg4 34. Re1 Rd2 35. Qc5+ Kg8 36. Rg1 Qxf4 37. Kb1
Qf5+ 0-1

[Event "12. Süder Sommerpokal"]
[Site "Recklinghausen"]
[Date "2001.08.07"]
[Round "4"]
[White "Pusch, Hermann"]
[Black "Heckötter, Christian"]
[Result "1-0"]
[WhiteElo "2169"]
[BlackElo "1967"]
[PlyCount "65"]
[EventDate "2001.??.??"]

1. e4 e6 2. d4 d5 3. e5 c5 4. Qg4 Nc6 5. Nf3 cxd4 6. Bd3 Qc7 7. Qg3 f6 8. exf6
Qxg3 9. f7+ Kxf7 10. hxg3 e5 11. Bb5 Nge7 12. Bg5 Ng6 13. c3 d3 14. Nh4 Nxh4
15. Rxh4 Bf5 16. Nd2 Bc5 17. b4 Bb6 18. Nf3 Rhe8 19. Be3 Bxe3 20. fxe3 Rac8 21.
Kd2 e4 22. Bxc6 bxc6 23. Rf4 g6 24. g4 exf3 25. gxf5 gxf5 26. gxf3 Ke6 27. Rh1
Re7 28. Rh6+ Kd7 29. Rfh4 f4 30. Rxf4 Rce8 31. Rff6 Rxe3 32. Rxh7+ R8e7 33.
Rff7 1-0

[Event "12. Süder Sommerpokal"]
[Site "Recklinghausen"]
[Date "2001.08.07"]
[Round "4"]
[White "Konietzka, Lutz"]
[Black "Litwak, Aleksej"]
[Result "1-0"]
[WhiteElo "2160"]
[BlackElo "1955"]
[PlyCount "45"]
[EventDate "2001.??.??"]

1. Nf3 f5 2. g3 Nf6 3. Bg2 e6 4. O-O d5 5. c4 c6 6. d3 Bd6 7. Nc3 O-O 8. cxd5
exd5 9. e4 d4 10. Ne2 fxe4 11. dxe4 Nxe4 12. Qxd4 Qe7 13. Nf4 Bc5 14. Qc4+ Kh8
15. Nh4 Nxf2 16. Nhg6+ hxg6 17. Nxg6+ Kh7 18. Nxe7 Nh3+ 19. Kh1 Rxf1+ 20. Bxf1
Nf2+ 21. Kg1 Nd3+ 22. Kg2 Ne1+ 23. Kh1 1-0

[Event "12. Süder Sommerpokal"]
[Site "Recklinghausen"]
[Date "2001.08.07"]
[Round "4"]
[White "Rebber, Christian"]
[Black "Blayvas, Jan"]
[Result "0-1"]
[WhiteElo "2154"]
[BlackElo "1912"]
[PlyCount "50"]
[EventDate "2001.??.??"]

1. e4 e6 2. d4 d5 3. exd5 exd5 4. Bd3 Bd6 5. Ne2 Bg4 6. c3 c6 7. Qc2 Nf6 8. Bg5
Nbd7 9. Nd2 Qc7 10. h3 Bh5 11. O-O-O Bg6 12. g3 b5 13. Bf4 O-O 14. Bxd6 Qxd6
15. f4 Bxd3 16. Qxd3 c5 17. Nf3 c4 18. Qc2 Ne4 19. Rdg1 b4 20. Ne5 Rfb8 21.
Nxc4 Qa6 22. Ne3 Nf2 23. Rh2 Nd3+ 24. Kd2 bxc3+ 25. bxc3 Rb2 0-1

[Event "12. Süder Sommerpokal"]
[Site "Recklinghausen"]
[Date "2001.08.07"]
[Round "4"]
[White "Müller, Herbert"]
[Black "Herud, Martin"]
[Result "1-0"]
[WhiteElo "2121"]
[BlackElo "1800"]
[PlyCount "91"]
[EventDate "2001.??.??"]

1. d4 d5 2. Bg5 Nd7 3. e3 Ngf6 4. Nf3 e6 5. Nbd2 c5 6. c3 Be7 7. Bd3 O-O 8. O-O
b6 9. Ne5 Bb7 10. f4 Ne4 11. Bxe7 Qxe7 12. Nxe4 dxe4 13. Nxd7 Qxd7 14. Be2 cxd4
15. Qxd4 Qxd4 16. exd4 f5 17. Kf2 Kf7 18. Ke3 Ke7 19. b4 Rg8 20. c4 a6 21. a4
g5 22. fxg5 Rxg5 23. g3 h5 24. Rf4 Kf6 25. a5 bxa5 26. Rxa5 Rgg8 27. Rh4 Rh8
28. b5 axb5 29. Rxa8 Bxa8 30. cxb5 e5 31. Rxh5 exd4+ 32. Kxd4 Rd8+ 33. Ke3 Ke5
34. g4 Rf8 35. b6 Bb7 36. Rxf5+ Rxf5 37. gxf5 Kxf5 38. h4 Ke5 39. Bg4 Kf6 40.
Bh3 Kg6 41. Bg2 Kh5 42. Bxe4 Ba6 43. Kd4 Kxh4 44. Kc5 Kg4 45. Kd6 Kf4 46. Bg2
1-0

[Event "12. Süder Sommerpokal"]
[Site "Recklinghausen"]
[Date "2001.08.07"]
[Round "4"]
[White "Iounoussov, Maksim"]
[Black "Kloß, Detlev"]
[Result "0-1"]
[WhiteElo "2007"]
[BlackElo "2119"]
[PlyCount "62"]
[EventDate "2001.??.??"]

1. e4 c5 2. Nc3 Nc6 3. f4 d6 4. Nf3 Nf6 5. Bc4 Bg4 6. d3 g6 7. O-O Bg7 8. h3
Bxf3 9. Qxf3 O-O 10. g4 Nd4 11. Qg2 a6 12. g5 Nh5 13. Bb3 Nxb3 14. axb3 Bd4+
15. Kh1 e6 16. Ne2 Bg7 17. f5 exf5 18. exf5 f6 19. fxg6 hxg6 20. Qd5+ Kh7 21.
Qxb7 Re8 22. gxf6 Rxe2 23. fxg7 Ng3+ 24. Kg1 Nxf1 25. Kxf1 Re7 26. Qd5 Rxg7 27.
Bg5 Qf8+ 28. Kg2 Rf7 29. Bh4 Re8 30. Rxa6 Re2+ 31. Kg3 Ref2 0-1